ASEPO - Automatizovaný systém pro sestavování výrobních postupů

Bibliographic Details
Main Author: Kučera, František (Author)
Format: Article
Language:Czech
Slovak
Subjects:

MARC

LEADER 00000nab a2200000 a 4500
001 vtls000415664
003 SK-MaSNL
005 20260304235651.0
008 160201c1988 xo 0 cze
015 |a SNBRA19rr/mm-uuuuu 
035 |a CL0415789 
040 |a SNKBUCL  |b slo  |c SNKBUCL  |e AACR2 
041 0 |a slo 
044 |a xo  |c SK 
080 |a 621:658.512:681.3.06  |2 1981 
080 |a 658.512  |2 1981 
080 |a 681.3.06  |2 1981 
100 1 |a Kučera, František  |4 aut  |9 273314 
245 1 0 |a ASEPO - Automatizovaný systém pro sestavování výrobních postupů  |c František Kučera 
650 0 7 |a strojárstvo  |2 snkbucl  |9 674 
650 0 7 |a automatizácia prác inžinierskych  |2 snkbucl  |9 951873 
655 7 |a články zo zborníkov  |2 snkbucl  |9 166140 
773 0 |t Zavádzanie automatizácie inžinierskych prác v strojárstve  |d Žilina : Dom techniky ČSVTS, 1988 
850 |a Slovenská národná knižnica v Martine  |a MTA001 
852 |a SNK  |b KIS3GCP 
958 |a RK 
958 |a CZ 
992 |a RZB 
999 |c 3209913  |d 3211843